00000000nas 2200000zi 4500
0019.946014
003CaOODSP
00520250108144758
006m     o  d f      
007cr cn|||||||||
008241210c20249999oncar p o    f0###a0eng|d
022 |a2818-923X
040 |aCaOODSP|beng|erda|cCaOODSP
043 |an-cn---
0861 |aFA1-38E-PDF
1101 |aCanada. |bOffice of the Auditor General, |eauthor, |eissuing body.
222 0|aAnnual progress report on the OAG accessibility plan ...
24510|a... annual progress report on the OAG accessibility plan.
2463 |aAnnual progress report on the Office of the Auditor General Accessibility plan
2463 |aOffice of the Auditor General of Canada (OAG), ... annual progress report on the OAG Accessibility Plan
264 1|aOttawa, Ontario : |bOffice of the Auditor General of Canada = Bureau du vérificateur général du Canada, |c[2024]-
310 |aAnnual
336 |atext|btxt|2rdacontent
337 |acomputer|bc|2rdamedia
338 |aonline resource|bcr|2rdacarrier
3621 |aBegan with: 2024.
500 |aIssued also in French under title: Rapport d'étape annuel de ... sur le Plan d'accessibilité ... du BVG.
588 |aDescription based on: 2024.
588 |a.Latest issue consulted: 2024.
61010|aCanada. |bOffice of the Auditor General|vPeriodicals.
650 0|aBarrier-free design|zCanada|xPlanning|vPeriodicals.
650 0|aPeople with disabilities|xGovernment policy|zCanada|vPeriodicals.
655 7|aPeriodicals|2lcgft
77508|tRapport d'étape annuel de ... sur le Plan d'accessibilité ... du BVG.|w(CaOODSP)9.946016